000 01290nam a22003134a 4500
001 500
003 BR-RjBN
005 20260129100508.0
008 101027s2010 rjb 000 f por
020 _a9788501089625
040 _bpor
041 1 _apor
_heng
082 _a813
_bK19f
100 _aKate, Lauren,
_d1981-
_91072
240 0 0 _aFallen.
245 1 0 _aFallen /
_cLauren Kate ; tradução Alda Lima.
250 _a2. ed. -
260 _aRio de Janeiro :
_bGalera Record,
_c2010.
300 _a401p. ;
500 _a
520 _aAlgo parece estranhamente familiar em relação a Daniel Grigori. Solitário e enigmático, ele chama a atenção de Luce logo no seu primeiro dia de aula no internato. A mudança de escola foi difícil para a jovem, mas encontrar Daniel parece aliviar o peso das sombras que atormentam seu passado: um incêndio misterioso levou Luce até ali. Irremediavelmente atraída por Daniel, ela quer descobrir qual é o segredo que ele precisa tanto esconder... mesmo que isso a aproxime da morte.
650 0 0 _aLiteratura Americana
_984
650 0 0 _aFantasia romântica
_91074
650 0 0 _aSobrenatural
_9538
650 0 0 _aReencarnação
_9793
700 _aLima, Alda
_eTRADUTORA
_91075
830 _aFallen
_v[v.1]
_91073
942 _2ddc
_n0
_cBK
999 _c500
_d500